000
00315nam a22001337a 4500
003
SGT
082
_a
320.954
_b
P96T
100
_a
TALREJA, KANAYALAL M.
245
_a
PSEUDO SECULARISM IN INDIA
260
_a
INDIA
_b
RASTRIYA CHETNA PRAKASHAN
_c
1996
300
_a
555
650
_a
INDIAN POLITICS
942
_2
ddc
_c
BK
999
_c
26314
_d
26314